000
00310 a2200145 4500
001
171194
020
_a
040
_c
Magnum
100
_a
Souza, Flavio de
240
1
0
_a
O ca(u)so do colar arco-iris
_l
por
245
1
0
_a
O ca(u)so do colar arco-iris
362
0
_a
1899
697
_a
IJ/GERAL
942
_c
BK
999
_c
171194
_d
171194